|
|
|
|
| LEADER |
01241nam a2200313 a 4500 |
| 001 |
31813 |
| 003 |
BD-DhAAL |
| 005 |
20211121110628.0 |
| 008 |
170523s1987 nyu b 001 0 eng d |
| 999 |
|
|
|c 37975
|d 37975
|
| 020 |
|
|
|a 0877549303 (alk. paper) :
|
| 040 |
|
|
|a DLC
|c DLC
|d DLC
|e BD-DhAAL
|
| 082 |
0 |
0 |
|a 822.33
|2 23
|
| 245 |
0 |
0 |
|a William Shakespeare's Macbeth /
|c edited and with an introduction by Harold Bloom.
|
| 260 |
|
|
|a New York :
|b Chelsea House,
|c 1987.
|
| 300 |
|
|
|a vii, 184 pages ;
|c 24 cm.
|
| 490 |
0 |
|
|a Modern critical interpretations
|
| 504 |
|
|
|a Includes bibliographical references (pages 173-176) and index.
|
| 526 |
|
|
|a ENH
|
| 541 |
|
|
|e 31813
|
| 600 |
1 |
0 |
|a Shakespeare, William,
|d 1564-1616.
|t Macbeth.
|9 21626
|
| 600 |
0 |
0 |
|a Macbeth,
|c King of Scotland,
|d active 11th century
|x In literature.
|9 21627
|
| 650 |
|
0 |
|a Regicides in literature.
|9 21628
|
| 650 |
|
0 |
|a Tragedy.
|9 21629
|
| 650 |
|
0 |
|a English literature.
|9 42889
|
| 700 |
1 |
|
|a Bloom, Harold.
|9 21630
|
| 852 |
|
|
|a Ayesha Abed Library
|c General Stacks
|
| 942 |
|
|
|2 ddc
|c BK
|
| 952 |
|
|
|0 0
|1 0
|2 ddc
|4 0
|6 822_330000000000000_WIL
|7 0
|9 60697
|a BRACUL
|b BRACUL
|c GEN
|d 2017-05-22
|e Trim Education
|g 4270.00
|l 6
|m 27
|o 822.33 WIL
|p 3010031813
|r 2022-09-08
|s 2022-09-02
|t 1
|v 4270.00
|w 2017-05-22
|y BK
|